La encantadora de Florencia / (Record no. 194673)

MARC details
000 -LEADER
campo de control de longitud fija 02286nam a2200445 i 4500
001 - NÚMERO DE CONTROL
campo de control 194673
003 - IDENTIFICADOR DE NÚMERO DE CONTROL
campo de control SpMaBN
005 - FECHA Y HORA DE LA ÚLTIMA TRANSACCIÓN
campo de control 20250529063017.0
008 - DATOS DE LONGITUD FIJA--INFORMACIÓN GENERAL
campo de control de longitud fija 240510s2009 sp | |||| 000 f spa
015 ## - NÚMERO DE BIBLIOGRAFÍA NACIONAL
Número de bibliografía nacional MON08
017 ## - NÚMERO DE COPYRIGHT O DE DEPÓSITO LEGAL
Número de copyright o de depósito legal B 51317-2008
Agencia que asigna Oficina Depósito Legal Barcelona
020 ## - NÚMERO INTERNACIONAL ESTÁNDAR DEL LIBRO
Número Internacional Estándar del Libro 9788439721598
035 ## - NÚMERO DE CONTROL DEL SISTEMA
Número de control de sistema (OCoLC)294885689
040 ## - FUENTE DE CATALOGACIÓN
Centro catalogador/agencia de origen SpMaBN
Lengua de catalogación spa
Centro/agencia transcriptor SpMaBN
Normas de descripción rdc
080 ## - NÚMERO DE LA CLASIFICACIÓN DECIMAL UNIVERSAL
Número de la Clasificación Decimal Universal 821.111(540)-31"19"
100 1# - ENTRADA PRINCIPAL--NOMBRE DE PERSONA
Nombre de persona Rushdie, Salman,
Fechas asociadas al nombre 1947-
Término indicativo de función/relación Autor
9 (RLIN) 240737
240 14 - TÍTULO UNIFORME
Título uniforme The Enchantress of Florence
Lenguaje de la obra Español
245 13 - MENCIÓN DEL TÍTULO
Título La encantadora de Florencia /
Mención de responsabilidad, etc. Salman Rushdie ; traducción de Carlos Milla Soler
250 ## - MENCION DE EDICION
Mención de edición 1ª edición: febrero 2009
260 ## - PUBLICACIÓN, DISTRIBUCIÓN, ETC.
Lugar de publicación, distribución, etc. Barcelona :
Nombre del editor, distribuidor, etc. Mondadori,
Fecha de publicación, distribución, etc. 2009
300 ## - DESCRIPCIÓN FÍSICA
Extensión 325 páginas ;
Dimensiones 24 cm
336 ## - TIPO DE CONTENIDO
Fuente rdacontent
Término de tipo de contenido texto
337 ## - TIPO DE MEDIO
Fuente rdamedia
Nombre/término del tipo de medio sin mediación
338 ## - TIPO DE SOPORTE
Fuente rdacarrier
Nombre/término del tipo de soporte volumen
490 1# - MENCIÓN DE SERIE
Mención de serie Literatura Mondadori ;
Designación de volumen o secuencia 388
501 ## - NOTA DE CON
Nota de "Con" German Booksellers' Peace Prize 2023.
504 ## - NOTA DE BIBLIOGRAFÍA, ETC.
Nota de bibliografía, etc. Bibliografía: p. 319-325
520 ## - RESUMEN, ETC.
Sumario, etc. Entreverando la Historia con la ficción, Salman Rushdie reconstruye un apasionante periodo histórico que narra la formación del imperio Mongol y las luchas que finalmente darían lugar a la India.<br/><br/>A finales del siglo xvi, un extranjero llega a la corte de Akbar el Grande, emperador del Imperio mongol, en la fastuosa ciudad de Fatehpur Sikri. Es el portador de un secreto que podría proporcionarle la mayor de las fortunas o costarle la vida. Un secreto digno solo de los oídos del emperador: la historia de una mujer misteriosa, dueña de una belleza cautivadora y versada en las artes del encantamiento y la brujería, y de su viaje imposible a la lejana Florencia.
594 ## - NOTA AL TITULO Y MENCION DE RESPONSABILIDAD
Nota al título y mención de responsabilidad Traducción de: The enchantress of Florence
655 #0 - TERMINO DE INDIZACIÓN--GENERO/FORMA
9 (RLIN) 236495
Datos o término principal de género/forma Novelas fantásticas
700 1# - ENTRADA AGREGADA--NOMBRE PERSONAL
9 (RLIN) 139937
Nombre de persona Milla Soler, Carlos
Término indicativo de función/relación Traductor
830 #0 - PUNTO DE ACCESO ADICIONAL DE SERIE-TÍTULO UNIFORME
Título uniforme Literatura Mondadori
Designación de volumen o secuencia 388
9 (RLIN) 178630
852 ## - LOCALIZACIÓN
Ubicación ES-MaACL
Ubicación en estantería Depósito J
Número de control de estantería N-9912
Encuadernación Encuadernación cartoné con sobrecubierta
Donativo/Legado Donación: Editorial
itemnumber 205829
942 ## - ELEMENTOS DE ENTRADA SECUNDARIOS (KOHA)
Suprimir en OPAC No
Tipo de ítem Koha Libro impreso
Holdings
Estatus retirado Estado de pérdida Fuente del sistema de clasificación o colocación Estado de daño No para préstamo Biblioteca de origen Biblioteca actual Ubicación en estantería Fecha de adquisición Fuente de adquisición Total de préstamos Signatura topográfica completa Código de barras Visto por última vez Precio de reemplazo Tipo de ítem Koha
    Clasificación decimal universal     Biblioteca del Ateneo de Madrid Biblioteca del Ateneo de Madrid Depósito J 26/05/2025 Donación   N-9912 101230171 26/05/2025 26/05/2025 Libro impreso